000
00425nam a2200157Ia 4500
008
100204s9999 xx 000 0 und d
082
_b
28063
100
_a
चांदोरकर नीला
245
_a
एक दिवस अचानक
250
_a
0
260
_c
2007
300
_a
316
630
_a
एक दिवस अचानक
730
_a
एक दिवस अचानक
942
_c
BOOK
999
_c
473244
_d
473241